ALL INDIA POSTGRADUATE MET. EE VOL.2 (Record no. 1838)

MARC details
000 -LEADER
fixed length control field 00329nam a2200133Ia 4500
008 - FIXED-LENGTH DATA ELEMENTS--GENERAL INFORMATION
fixed length control field 150201s2009 xx 000 0 und d
082 ## - DEWEY DECIMAL CLASSIFICATION NUMBER
Classification number 610
Item number A09K
100 ## - MAIN ENTRY--PERSONAL NAME
Personal name KHANNA, MUDIT
245 ## - TITLE STATEMENT
Title ALL INDIA POSTGRADUATE MET. EE VOL.2
260 ## - PUBLICATION, DISTRIBUTION, ETC. (IMPRINT)
Name of publisher, distributor, etc. IAMS
Place of publication, distribution, etc. INDIA
Date of publication, distribution, etc. 2009
300 ## - PHYSICAL DESCRIPTION
Extent 1-1012
650 ## - SUBJECT ADDED ENTRY--TOPICAL TERM
Topical term or geographic name as entry element GENERAL MEDICINE
942 ## - ADDED ENTRY ELEMENTS (KOHA)
Source of classification or shelving scheme Dewey Decimal Classification
Koha item type Books
Holdings
Withdrawn status Lost status Source of classification or shelving scheme Damaged status Not for loan Collection code Home library Current library Shelving location Date acquired Source of acquisition Cost, normal purchase price Serial Enumeration / chronology SGTU Total Checkouts Full call number Barcode Date last seen Bill Date Koha item type
    Dewey Decimal Classification   Not For Loan MEDICAL SGT Medical Library SGT Medical Library Reference Book 07/06/2014 COMP. 675.00 II SGTU   610 A09K FM6208 09/02/2015 22/07/2014 Books